000 00231nam a2200109Ia 4500
100 _a#N/A
942 _cBK
654 _ainternet
245 _aInternet/ Doom 3 / Multimedia/ Office Tools
260 _b#N/A
_c2004
546 _aENGLISH
999 _c28254
_d28254